000 00231 a2200097 4500
001 41788
100 _aMcloughlin E V
245 _aThe Book of Knowledge (Vol-XI)
260 _aNew York
_bGrolier Society
_c
090 _c25899
_d25899
942 _aNUST-CAE
_cM
_c17667
999 _c276861
_d276861